Disney Characters A-Z #2 - Statistics

General Stats
  • This quiz has been taken 30 times
  • The average score is 10 of 26
Answer Stats
Letter Description Character % Correct
E Superhero mom Elastigirl
73%
N Energetic clownfish Nemo
73%
C Ruthless pirate Captain Hook
68%
Q Misshapen bellringer Quasimodo
64%
K Transformed emperor Kuzco
59%
M Comedic dragon Mushu
55%
R Protective tiger Rajah
55%
B Detective mouse hero Basil
50%
P Flying steed Pegasus
50%
S Lion Queen Sarabi
50%
L Ally of Robin Hood Little John
45%
T Streetwise cat Thomas O'Malley
41%
Z Nemesis of Buzz Lightyear Zurg
41%
A Owner of Chief and Copper Amos
32%
D Canadian stuntman toy Duke Caboom
32%
F Spy car Finn McMissile
32%
G Egotistical hunter Gaston
27%
H Greedy German caterpillar Heimlich
27%
I School teacher Ichabod Crane
18%
J Decontaminating shrimp Jacques
18%
U Drunk goose Uncle Waldo
18%
W Time travelling teen Wilbur Robinson
18%
O Villainous gambler Oogie Boogie
14%
V Love interest of Todd Vixey
14%
X Leader of D-Tent at Camp Green Lake X-Ray
9%
Y Elderly lemur Yar
9%
No matching quizzes found
Score Distribution
Percent of People with Each Score
Percentile by Number Answered
Your Score History
You have not taken this quiz